00691nam a22002297a 450000500170000001000130001702000230003003500130005303700160006604000120008208200150009410000160010924500760012524600060020126000520020727000530025930000240031250000510033665000200038765000360040770000180044320170124105921.0 aA-389431 c180.00a8170541034 aA-389431 bCen Lib/Ret aDPLbEN a305.42DHA aDharam Vir  aTribal women changing spectrum in India /cby Dharam Vir, Manju Manral  b  bClassical Publishing Company c1990aNew Delhi  bNew Delhi a60/8, Ramjas Road, Karo Baghe110005 axv, 195p.c21cm(Hb) aIncludes bibliographical references and index  aSocial Science  aTribes xSocial Cultural-women  aManral, Manju